Statistiken für Nennen Sie ein gültiges afrikanisches Land

Klicken Sie hier um das Quiz zu spielen!

Allgemein

  • Dieses Quiz wurde 1,587 mal gespielt
  • Das Durchschnittsergebnis liegt bei 13 aus 17

Antwortstatistiken

Nennen Sie ein afrikanisches Land, das ... Länder % Korrekt
am Mittelmeer liegtÄgypten | Algerien | Libyen | Marokko | Tunesien
100%
ein Inselstaat istKap Verde | Komoren | Madagaskar | Mauritius |
Seychellen | São Tomé und Príncipe
97%
mehr als 100 Millionen Menschen hatÄgypten | Äthiopien | Nigeria
95%
einen 4-stelligen Namen hatMali | Togo
91%
eine Lebenserwartung von über 70 Jahren hatÄgypten | Algerien | Kap Verde | Libyen | Marokko |
Mauritius | Seychellen | Tunesien
86%
am Viktoriasee liegtKenia | Tansania | Uganda
85%
eine Küstenlinie von mindestens 2'500 km aufweistÄgypten | Madagaskar | Marokko | Mosambik | Südafrika
83%
einen W in seinem Namen enthältBotswana | Malawi | Simbabwe | Swasiland
83%
zum Horn von Afrika gezählt werden kannÄthiopien | Dschibuti | Eritrea | Somalia
75%
Portugiesisch als Amtssprache hatAngola | Äquatorial-Guinea | Guinea-Bissau | Kap Verde |
Mosambik | São Tomé und Príncipe
72%
in der Kalahari-Wüste liegtBotswana | Namibia | Südafrika
69%
zu mehr als 60% seiner Gesamtfläche
bewaldet ist
Gabun | Mosambik | Republik Kongo |
Seychellen | Simbabwe
66%
eine Monarchie istLesotho | Marokko | Swasiland
61%
eine Hauptstadt hat, die auf O endetÄgypten | Äquatorial-Guinea | Benin | Elfenbeinküste |
Madagaskar | Mali | Mosambik
58%
eine Mindesthöhe von über 500m hatBotswana | Burundi | Lesotho | Ruanda | Uganda
58%
1900 ein unabhängiges Land warÄthiopien | Liberia | Marokko
54%
ein höheres Pro-Kopf-Einkommen als
Südafrika besitzt (2019, KKP)
Algerien | Äquatorial-Guinea | Botswana | Gabun |
Mauritius | Seychellen
51%

Verteilung der Resultate

Perzentil nach korrekt beantworteten Fragen

Anzahl Personen mit jedem Resultat

Ihre Resultats-Entwicklung

Sie haben dieses Quiz noch nicht gespielt